000 00349nam a2200145Ia 4500
100 _aPowis/Ivan etal
942 _cBK
654 _aPhysics
245 _aHigh resolution Laser Photoronization and Photoelectron studies
260 _bJohn Wiley
_aNew york
_c1995
082 _a537.54
_bPOW
300 _a509
546 _aENGLISH
999 _c33050
_d33050